|
|
|
|
| LEADER |
00697cam a2200217 a 4500 |
| 001 |
0000040704 |
| 005 |
19990518090000.0 |
| 040 |
|
|
|a mod
|
| 041 |
|
|
|a eng
|
| 020 |
0 |
0 |
|a T000016651
|
| 090 |
0 |
0 |
|a 610
|b HAN
|
| 245 |
0 |
0 |
|a Handbook of medical treatment
|c edited by Milton J. Chatton
|
| 250 |
0 |
0 |
|a 16th edition
|
| 260 |
0 |
0 |
|a California
|b Jones Medical Pub.
|c 1979
|
| 300 |
0 |
0 |
|a x, 643p.
|c 18cm
|
| 650 |
0 |
0 |
|a Medicine
|x Formulae, recipes, prescriptions
|
| 650 |
0 |
0 |
|a Medicine
|x Hnadbooks, manual, etc
|
| 700 |
1 |
1 |
|a Chatton
|h Milton J
|
| 852 |
0 |
0 |
|a 01
|
| 999 |
|
|
|a 0043778
|b KEMENTAH
|d BOOKS
|e Rujukan
|f Perpustakaan KEMENTAH
|j AVAILABLE
|q OLD
|
| 999 |
|
|
|a 0043779
|b KEMENTAH
|d BOOKS
|e Rujukan
|f Perpustakaan KEMENTAH
|j AVAILABLE
|q OLD
|